| Registos Bibliográficos associados ao registo de autoridade |
|
Etiqueta de registo: 00254nam 2200025 450 001 2277033 003 http://id.bnportugal.gov.pt/bib/catbnp/2277033 100 ## $a20260306d2025 k y0pory01030103ba 101 0# $apor$dgre$deng 102 ## $aPT 105 ## $aa m 000yy 106 ## $ar 200 1# $a A musealização da arqueologia$e a cidade de Évora, um estudo caso$fPanagiotis Sarantopoulos$gorient. Mário Caneva de Magalhães Moutinho, Adel Pasusini 210 #9 $aLisboa$c[s.n.],$d2025 215 ## $a308, XLII p.$cil.$d30 cm 328 #1 $aTese dout. Museologia, Faculdade de Ciências Sociais, Educação e Administração, Universidade
Lusófona, 2025 675 ## $a069(469.512)(043)$vBN$zpor$31220970 700 #1 $aSarantopoulos,$bPanagiotis$3255655 702 #1 $aMoutinho,$bMário Caneva,$f1946-$4727$3112131 702 #1 $aPasusini,$bAdel$4727$31989518 801 #0 $aPT$bBN$gRPC 966 ## $lBN$mFGMON$sP. 72528 V.$x1 971 ## $cabrito$d20260306 972 ## $e0$z0$d20260416$vlrevez 973 ## $cigoulao$d20260415
|
|
|